000 00631nam a2200217Ii 4500
001 11599
003 CO-ViMGA
008 241108s9999||||xx |||||||||||||| ||und||
020 _a9586831116
040 _aCO-ViMGA
_bspa
_erda
_cCO-ViMGA
041 0 _aunk
082 0 4 _a651.48 B17f
100 1 _aAlberto Barajas Novoa
_953298
245 1 0 _aFinanzas para no financistas
264 1 _a[Lugar de publicación no identificado] : CEJA, 1999
300 _avolumen
336 _atext
_btxt
_2rdacontent
337 _aunmediated
_bn
_2rdamedia
338 _avolume
_bnc
_2rdacarrier
940 _aidficha_siabuc: 11324. -- ficha_no_siabuc:11599
999 _c49874
_d49874